Brill v SoS for the Environment and Chiltern DC (Record no. 41264)
[ view plain ]
| 000 -LEADER | |
|---|---|
| fixed length control field | 01232cab a2200229 4500 |
| 001 - CONTROL NUMBER | |
| control field | ABS48299 |
| 008 - FIXED-LENGTH DATA ELEMENTS--GENERAL INFORMATION | |
| fixed length control field | 090401t1993 xxu||||| |||| 00| 0 eng d |
| 035 ## - SYSTEM CONTROL NUMBER | |
| System control number | (Sirsi) u66029 |
| 041 ## - LANGUAGE CODE | |
| Language code of text/sound track or separate title | eng |
| 245 ## - TITLE STATEMENT | |
| Title | Brill v SoS for the Environment and Chiltern DC |
| 260 ## - PUBLICATION, DISTRIBUTION, ETC. | |
| Date of publication, distribution, etc. | 1993 |
| 350 ## - PRICE (NR) (BK AM CF MU VM SE) [OBSOLETE] | |
| Price | 0 |
| 490 ## - SERIES STATEMENT | |
| Series statement | Journal of Planning and Environment Law |
| Volume/sequential designation | 1993 JPL 253-259(4) |
| 520 ## - SUMMARY, ETC. | |
| Summary, etc. | QBD 9 April 1992. The appellants B were refused planning permission on appeal for the continued use of a farm shop for the sale of imported produce and associated development. 25% of the annual turnover of the shop was due to imported produce. The appeal considered whether the appeal proposals conflict with the objectives of established policies concerning the control of development in the Green Belt. It was held that there were no exceptional circumstances that would justify consent. B appealed. This was upheld on the grounds that the continued use for imported goods constitued a material change of use to a general retail unit within class A. |
| 650 ## - SUBJECT ADDED ENTRY--TOPICAL TERM | |
| Topical term or geographic name entry element | CHANGE OF USE |
| 650 ## - SUBJECT ADDED ENTRY--TOPICAL TERM | |
| Topical term or geographic name entry element | CLASS A |
| 650 ## - SUBJECT ADDED ENTRY--TOPICAL TERM | |
| Topical term or geographic name entry element | FARM SHOPS |
| 650 ## - SUBJECT ADDED ENTRY--TOPICAL TERM | |
| Topical term or geographic name entry element | GREEN BELT |
| 690 ## - LOCAL SUBJECT ADDED ENTRY--TOPICAL TERM (OCLC, RLIN) | |
| Topical term or geographic name as entry element | PLANNING LAW AND PRACTICE-CASE LAW |
| 942 ## - ADDED ENTRY ELEMENTS (KOHA) | |
| Suppress in OPAC | 0 |
| 948 ## - LOCAL PROCESSING INFORMATION (OCLC); SERIES PART DESIGNATOR (RLIN) | |
| c (OCLC) | 04/03/1997 |
| Withdrawn status | Lost status | Source of classification or shelving scheme | Damaged status | Not for loan | Home library | Current library | Shelving location | Date acquired | Total Checkouts | Full call number | Barcode | Date last seen | Copy number | Price effective from | Koha item type |
|---|---|---|---|---|---|---|---|---|---|---|---|---|---|---|---|
| Dewey Decimal Classification | London | London | Journal article | 14/09/1999 | ABS48299 | 66029-1001 | 06/08/2019 | 1 | 06/08/2019 | Law report |